| 000 | 00417nam a2200133Ia 4500 | ||
|---|---|---|---|
| 008 | 150610s9999 xx 000 0 und d | ||
| 020 | _a0439574269 (pbk.) | ||
| 050 |
_aPN 6071 _b.B561 2003 |
||
| 245 | 4 |
_aThe best ghost stories ever / _cedited by Christopher Krovatin. |
|
| 260 |
_aNew York : _bScholastic, _c2003. |
||
| 300 |
_a180pages ; _c18 cm. |
||
| 520 | _aYoung adult fiction. | ||
| 650 | _xGhost stories. | ||
| 999 |
_c288137 _d288137 |
||